| 000 | 00864cam a22002775i 4500 | ||
|---|---|---|---|
| 001 | 17869068 | ||
| 003 | USPCAS-E | ||
| 005 | 20180118181415.0 | ||
| 008 | 130829s2013 nyu 000 0 eng | ||
| 010 | _a 2013949162 | ||
| 020 | _a9781461481478 | ||
| 040 |
_aDLC _beng _cDLC _erda _dDLC |
||
| 042 | _apcc | ||
| 082 |
_223 _a621.31244 _bQUA 2014 |
||
| 100 | 1 | _aWu, Jiang. | |
| 245 | 1 | 0 |
_aQuantum dot solar cells / _cJiang Wu. |
| 260 |
_aLondon: _bSpringer, _cc2014 |
||
| 263 | _a1309 | ||
| 300 | _apages cm | ||
| 502 | _a0 | ||
| 856 | 4 | 2 |
_3Publisher description _uhttp://www.loc.gov/catdir/enhancements/fy1317/2013949162-d.html |
| 856 | 4 | 1 |
_3Table of contents only _uhttp://www.loc.gov/catdir/enhancements/fy1317/2013949162-t.html |
| 906 |
_a0 _bibc _corignew _d2 _eepcn _f20 _gy-gencatlg |
||
| 942 |
_2ddc _cBK |
||
| 999 |
_c355829 _d355829 |
||